Raspoznavanije, klassifikacija, prognoz Matematičeskije metody i ich primenenije

Na minha lista:
Detalhes bibliográficos
Formato: Livro
Idioma:russo
Publicado em: Moskva Nauka 1989
Edição:1. izd.
Tags: Adicionar Tag
Sem tags, seja o primeiro a adicionar uma tag!

MARC

LEADER 00000nam a2200000 4500
001 c034183
005 20250930114909.3
041 0 |a rus 
044 |a RU 
245 1 0 |a Raspoznavanije, klassifikacija, prognoz  |b Matematičeskije metody i ich primenenije  |c Red. Ju.I. Žuravlev 
250 |a 1. izd. 
264 1 |a Moskva  |b Nauka  |c 1989 
300 |a 332 s.